000 00755nam a2200241 a 4500
001 66375
003 BD-RjUL
005 20211209081533.0
008 170315r19711965ii a 001 0 eng d
035 _a(BD-RjUL)66505
040 _aDLC
_cDLC
_dBD-RjUL
_beng
041 _aeng
082 0 0 _223
_a658.83
_bBLM 1971
100 1 _aBlankenship, A. B.
_qAlbert Breneman
_9196426
245 1 0 _aMarketing research management :
_cby A. B. Blankenship [and] J. B. Doyle.
260 _aBombay:
_bD. B. taraporevala Sons & Co.
_cc1965 [Reprint 1971]
300 _axiii, 370 p.:
_bill.;
_c22 cm.
500 _aIncludes indexes
650 0 _aMarketing research.
_9182766
700 1 _aDoyle, J. B.
_q(Joseph B.)
_9196427
942 _2ddc
_cBK
999 _c66375
_d66375